000 00320nam a2200121Ia 4500
008 180117s9999 xx 000 0 und d
100 _aby Jose Javier Reyes
245 _aNotes on the future of Cinema
260 _c2017
300 _a26-28 pages, 2017 September 24
440 _aPhilippine Panorama
650 _aCINEMA
999 _c353290
_d353290